000 00883nam a2200265 a 4500
001 47794
003 BD-RjUL
005 20211209054409.0
008 160810s1991 enk b 001 0 eng
020 _a0631160744
020 _a0631160752 (pbk.)
035 _a(BD-RjUL)47913
040 _aDLC
_cDLC
_dUKM
_dMOI
_dBD-RjUL
_beng
041 _aeng
082 0 4 _a320.01
_223
_bKLP 1991
100 1 _aKleinberg, Stanley S.
_9145116
245 1 0 _aPolitics and philosophy :
_bthe necessity and limitations of rational argument /
_cStanley S. Kleinberg.
260 _aOxford, UK ;
_aCambridge, Mass., USA :
_bB. Blackwell,
_cc1991.
300 _avi, 213 p. ;
_c23 cm.
504 _aIncludes bibliographical references and index.
650 0 _aPolitical science
_xPhilosophy.
_9145118
653 _aPolitics
_aPhilosophy
942 _2ddc
_cBK
999 _c47794
_d47794